Applied Mechanics (Record no. 7596)

000 -LEADER
fixed length control field 00324nam a2200133Ia 4500
008 - FIXED-LENGTH DATA ELEMENTS--GENERAL INFORMATION
fixed length control field 200103s9999||||xx |||||||||||||| ||und||
020 ## - INTERNATIONAL STANDARD BOOK NUMBER
International Standard Book Number 0291396763,
082 ## - DEWEY DECIMAL CLASSIFICATION NUMBER
Classification number Column-32
100 ## - MAIN ENTRY--PERSONAL NAME
Personal name Munro-Smith, R.
245 #0 - TITLE STATEMENT
Title Applied Mechanics
260 ## - PUBLICATION, DISTRIBUTION, ETC. (IMPRINT)
Name of publisher, distributor, etc The technical press ltd., London
Date of publication, distribution, etc 1975
942 ## - ADDED ENTRY ELEMENTS (KOHA)
Item type Books
Holdings
Withdrawn status Lost status Source of classification or shelving scheme Damaged status Not for loan Permanent location Current location Date acquired Full call number Barcode Date last seen Koha item type
          IMU-MPC Library IMU-MPC Library 2020-01-08 Column-33 MPC2281 2025-03-17 Books
Copyright © 2021 Indian Maritime University, Mumbai Port Campus. All Rights Reserved. Managed & Maintained by Central Library, IMU-Mumbai

webs counters

Powered by Koha